|
|
|
|
| LEADER |
00825cam a2200241 a 4500 |
| 001 |
0000022370 |
| 005 |
19980512090000.0 |
| 040 |
|
|
|a mod
|
| 041 |
|
|
|a eng
|
| 020 |
|
|
|a 0712113681
|
| 090 |
0 |
0 |
|a 371.33
|b ATK
|
| 100 |
1 |
|
|a ATKINSON
|h Norman John
|
| 245 |
1 |
0 |
|a Modern teaching aids
|b a practical guide to audio-visual techniques in education
|c Norman John Atkinson
|
| 250 |
|
|
|a 2nd edition
|
| 260 |
|
|
|a London
|b Macdonald & Evans
|c 1975
|
| 300 |
|
|
|a xxii, 298p.
|b ill.
|c 22cm
|
| 650 |
0 |
0 |
|a Teaching
|x Aids and devices
|
| 650 |
0 |
0 |
|a Education technology
|
| 700 |
1 |
|
|a ATKINSON
|h John N.
|
| 852 |
0 |
0 |
|a 01
|
| 999 |
|
|
|a 0021867
|b KEMENTAH
|d BOOKS
|e Umum
|f Perpustakaan KEMENTAH
|j WEEDED
|q OLD
|
| 999 |
|
|
|a 0040971
|b KEMENTAH
|d BOOKS
|e Umum
|f Perpustakaan KEMENTAH
|j WEEDED
|q OLD
|
| 999 |
|
|
|a B000003240
|b 2 DIV
|d BOOKS
|e Umum
|f 2 DIV
|j AVAILABLE
|q GOOD CONDITION
|